Statistics for F-Zero Games

Click here to take the quiz!

General Stats

  • This quiz has been taken 8 times
  • The average score is 5 of 6

Answer Stats

ConsoleGame% Correct
SNESF-Zero
100%
SwitchF-Zero 99
86%
GameCubeF-Zero GX
86%
N64F-Zero X
86%
GBAF-Zero GP Legend
71%
GBAF-Zero Maximum Velocity
43%

Score Distribution

Percentile by Number Answered

Percent of People with Each Score

Your Score History

You have not taken this quiz